Bàn về Tiếng Việt hiện đại
Nội dung khái quát về Tiếng Việt hiện đại. Và từ lịch sử Tiếng Việt và chữ viết Tiếng Việt đến hệ thống chữ viết và các kí tự, kí hiệu dùng trong văn bản; hệ thống khuôn vần;Tiếng Việt chính thống và Tiếng Việt không chính tho...
Shranjeno v:
| Glavni avtor: | |
|---|---|
| Format: | Knjiga |
| Jezik: | Undetermined |
| Izdano: |
Tp. Hồ Chí Minh
Văn hóa - Văn nghệ
2012
|
| Teme: | |
| Online dostop: | http://lrc.tdmu.edu.vn/opac/search/detail.asp?aID=2&ID=17844 |
| Oznake: |
Označite
Brez oznak, prvi označite!
|
| Thư viện lưu trữ: | Trung tâm Học liệu Trường Đại học Thủ Dầu Một |
|---|
| LEADER | 01638nam a2200205Ia 4500 | ||
|---|---|---|---|
| 001 | TDMU_17844 | ||
| 008 | 210410s9999 xx 000 0 und d | ||
| 082 | |a 495.9228 | ||
| 090 | |b H100 | ||
| 100 | |a Hà, Thiên Vạn | ||
| 245 | 0 | |a Bàn về Tiếng Việt hiện đại | |
| 245 | 0 | |c Hà Thiên Vạn | |
| 260 | |a Tp. Hồ Chí Minh | ||
| 260 | |b Văn hóa - Văn nghệ | ||
| 260 | |c 2012 | ||
| 300 | |a 653tr. | ||
| 520 | |a Nội dung khái quát về Tiếng Việt hiện đại. Và từ lịch sử Tiếng Việt và chữ viết Tiếng Việt đến hệ thống chữ viết và các kí tự, kí hiệu dùng trong văn bản; hệ thống khuôn vần;Tiếng Việt chính thống và Tiếng Việt không chính thống; đề xuất "Quy tắc chính tả Tiếng Việt"; vấn đề tiếng ngoại lai; Tiếng Việt tiêu chuẩn;...Bên cạnh đó nội dung còn đi sâu phân tích chi tiết nhiều khía cạnh nội dung cụ thể như: thiết lập bảng chữ cái Tiếng Việt hiện đại một cách đầy đủ và chi tiết, trong âm trong Tiếng Việt, phân định từ loại Tiếng Việt, phân biệt thành ngữ, tục ngữ, ca dao, dân ca,... | ||
| 650 | |a Ngôn ngữ |x Tiếng Việt; Tiếng Việt |x Ngữ âm và chữ viết | ||
| 856 | |u http://lrc.tdmu.edu.vn/opac/search/detail.asp?aID=2&ID=17844 | ||
| 980 | |a Trung tâm Học liệu Trường Đại học Thủ Dầu Một | ||